Learning to use dBASE III : an introduction /

Saved in:
Bibliographic Details
Main Author: Shelly, Gary B.
Other Authors: Cashman, Thomas J.
Format: Book
Language:English
Published: Boston, MA : Boyd & Fraser Pub. Co., c1986.
Series:Shelly, Gary B. Shelly and Cashman series.
Subjects:
LEADER 01143cam a2200313 a 4500
001 c000213089
003 CARM
005 20060201101053.0
008 860407s1986 maua 001 0 eng
010 |a 86009626 
019 1 |a 4516372  |5 LACONCORD2021 
020 |a 0878352104 (pbk.) 
035 |a (OCoLC)13456168  |5 LACONCORD2021 
040 |a LC  |b eng  |c LC  |d LC 
050 0 |a QA76.9.D3  |b S53 1986 
082 0 0 |a 005.75/65  |2 19 
100 1 |a Shelly, Gary B. 
245 1 0 |a Learning to use dBASE III :  |b an introduction /  |c Gary B. Shelly & Thomas J. Cashman. 
260 |a Boston, MA :  |b Boyd & Fraser Pub. Co.,  |c c1986. 
300 |a vi, [186] p. :  |b ill. ;  |c 28 cm. 
500 |a Includes index. 
630 0 0 |a dBASE III 
630 0 4 |a dBASE III (Computer program) 
650 0 |a Database management  |x Computer programs. 
700 1 |a Cashman, Thomas J. 
800 1 |a Shelly, Gary B.  |t Shelly and Cashman series. 
852 8 |b CARM  |h A2:AP30F0  |i D09095  |p 0267881  |f BK 
999 f f |i f88bcdca-3b42-5df8-b84a-712a1da48bd6  |s 9b04f0a2-c1e7-5c65-9374-3951a5814746 
952 f f |p Can circulate  |a CAVAL  |b CAVAL  |c CAVAL  |d CARM 1 Store  |e D09095  |f A2:AP30F0  |h Other scheme  |i book  |m 0267881